Posúdenie potreby zavedenia osobnej dozimetrie ožiarenia očnej šošovky pracovníkov v priestoroch HCČ JE
Na minha lista:
| Autor principal: | |
|---|---|
| Outros Autores: | , , , , , |
| Formato: | Capítulo de Livro |
| Idioma: | eslovaco |
| Tags: |
Sem tags, seja o primeiro a adicionar uma tag!
|
MARC
| LEADER | 00000naa$a2200000$$$4500 | ||
|---|---|---|---|
| 001 | 0252140 | ||
| 005 | 20240502083721.3 | ||
| 041 | 0 | |a slo | |
| 044 | |a CZ | ||
| 245 | 1 | 0 | |a Posúdenie potreby zavedenia osobnej dozimetrie ožiarenia očnej šošovky pracovníkov v priestoroch HCČ JE |c Marko Fülöp, Pavol Ragan, Dušan Solivajs, Boris Remenec, Josef Frtús, Denisa Nikodémová, Ľubica Foltínová |
| 500 | |a Abstrakt | ||
| 100 | 1 | |a Fülöp, Marko | |
| 700 | 1 | |a Ragan, Pavol | |
| 700 | 1 | |a Solivajs, Dušan | |
| 700 | 1 | |a Remenec, Boris | |
| 700 | 1 | |a Frtús, Josef | |
| 700 | 1 | |a Nikodémová, Denisa | |
| 700 | 1 | |a Foltínová, Ľubica, 1975- | |